000 00524nam a2200193Ia 4500
005 20260429112047.0
008 260429s9999||||xx |||||||||||||| ||und||
020 _a9781835351383
041 _aEnglish
082 _a647.94
_bSTA
100 _aStaniec, Iwona
245 0 _aBasics of hospitality management /
_cIwona Staniec
250 _a1st ed.
260 _aLondon :
_bETP ED- Tech Press,
_c2025.
300 _axix, 321 p.; hb
650 _a Hotel administration
650 _aHospitality management
942 _cTB
999 _c52144
_d52144